Verejné súťaže po novom Zníženie administratívy, urýchlenie rozhodovania

Administratívna náročnosť, zdĺhavý proces realizácie predaja štátnych podnikov formou verejnej súťaže. Zmeny, ktoré pripravuje nový výkonný výbor a Prezídium FNM SR. Odstúpenie od organizovania verejných súťaží prostredníctvom poradenských organizácií. Návrh prípravy a realizácie verejných súťaží.

Salvato in:
Dettagli Bibliografici
Autore principale: Szabo, A.
Natura: Capitolo di libro
Lingua:slovacco
Soggetti:
Tags: Aggiungi Tag
Nessun Tag, puoi essere il primo ad aggiungerne!!

MARC

LEADER 00000naa a2200000 4500
001 r015221
005 20221213114256.8
041 0 |a slo 
044 |a SK 
245 1 0 |a Verejné súťaže po novom  |b Zníženie administratívy, urýchlenie rozhodovania  |c A. Szabo 
520 |a Administratívna náročnosť, zdĺhavý proces realizácie predaja štátnych podnikov formou verejnej súťaže. Zmeny, ktoré pripravuje nový výkonný výbor a Prezídium FNM SR. Odstúpenie od organizovania verejných súťaží prostredníctvom poradenských organizácií. Návrh prípravy a realizácie verejných súťaží. 
610 2 0 |a súťaž verejná 
610 2 0 |a privatizácia 
610 2 0 |a podnik štátny 
610 2 0 |a FNM SR Bratislava 
100 1 |a Szabo, A.